000 00345nab a22001097u 4500
008 130520b1989 xxu||||| |||| 00| 0 spa d
041 _aspa
100 1 _aBurnim, M.
_967449
245 0 0 _aInterpretación de la música "gospel" negra como transformación
_cM. Burnim
773 0 _tConcilium
_gV.1,1989,págs.237-247
_x0210-1041
_wRev134
942 _cAR
999 _c355442
_d355442